Statistiques concernant Quiz sur le Vanuatu

Cliquez ici pour prendre le quiz!

Statistiques générales

  • Ce quiz a été pris 1 723 fois
  • Le résultat moyen est 9 sur 18

Statistiques - réponses

QuestionRéponse% Correct
Langues officiellesAnglais
92%
Langues officiellesFrançais
81%
Territoire français situé à 539 kilomètres au sud-ouest du VanuatuNouvelle-Calédonie
79%
Pays le plus proche du Vanuatu (à part la France)Salomon
68%
Capitale et ville la plus peupléePort-Vila
65%
Mari de la reine Élisabeth II qui est vénéré comme un dieu sur l'île de TannaPhilip Mountbatten
60%
Région d'Océanie dans laquelle le Vanuatu se situe{Méla}nésie
58%
Navigateur britannique qui lui a donné ce nomJames Cook
56%
Animal qui représente 71% des exportations du VanuatuPoisson
54%
Plus grande île, qui partage (presque) son nom avec un état du BrésilEspiritu {Santo}
50%
Ce que le Vanuatu vend à n'importe quel étranger pour seulement 150 000 dollarsCitoyenneté
49%
Mer dans laquelle le Vanuatu se trouveMer de Corail
43%
Nom colonial du VanuatuNouvelles-{Hébrides}
42%
Il y a 113 ____ au Vanuatu, soit une pour 2 655 habitants en moyenneLangues natives
23%
Langues officiellesBichelamar
22%
Devise monétaireVatu
21%
Deuxième plus grande ville du pays, qui est la capitale de cette île{Lugan}ville
18%
Rite longtemps pratiqué sur cette île qui consistait à construire des pistes
d'atterissage dans l'espoir de recevoir des provisions et de l'équipement
Culte du {cargo}
17%

Distribution des résultats

Percentile par nombre de réponses

% des personnes avec chaque résultat

Votre développement - résultats

Vous n’avez pas pris ce quiz